Catálogo

La caja negra de Darwing : (Registro nro. 34259)

Detalles MARC
000 -LEADER
fixed length control field 01286cam a2200361 i 4500
001 - CONTROL NUMBER
control field 34259
003 - CONTROL NUMBER IDENTIFIER
control field Mx-PuUPA
005 - DATE AND TIME OF LATEST TRANSACTION
control field 20250410131224.0
008 - FIXED-LENGTH DATA ELEMENTS--GENERAL INFORMATION
fixed length control field 140415s1999 cl a gr 000 0 spa d
017 ## - COPYRIGHT OR LEGAL DEPOSIT NUMBER
Copyright or legal deposit number B-51.446-1999
020 ## - INTERNATIONAL STANDARD BOOK NUMBER
International Standard Book Number 8495407027
040 ## - CATALOGING SOURCE
Transcribing agency mx
Original cataloging agency Mx-PuUPA
Language of cataloging spa
Modifying agency Mx-PuUPA
Description conventions rda
041 1# - LANGUAGE CODE
Language code of text/sound track or separate title spa
Language code of original eng
100 1# - MAIN ENTRY--PERSONAL NAME
Personal name Behe, Michael J.,
Dates associated with a name 1952-
Relator term autor
9 (RLIN) 16961
240 10 - UNIFORM TITLE
Uniform title Darwin's black box.
Language of a work Español
245 13 - TITLE STATEMENT
Title La caja negra de Darwing :
Remainder of title el reto de la bioquímica a la evolución /
Statement of responsibility, etc. Michael J. Behe ; traducción de Carlos Gardini
250 ## - EDITION STATEMENT
Edition statement Primera edición /
Remainder of edition statement diciembre
264 #1 - PRODUCTION, PUBLICATION, DISTRIBUTION, MANUFACTURE, AND COPYRIGHT NOTICE
Place of production, publication, distribution, manufacture Santiago de Chile :
Name of producer, publisher, distributor, manufacturer Editorial Andrés Bello,
Date of production, publication, distribution, manufacture, or copyright notice 1999
300 ## - PHYSICAL DESCRIPTION
Extent 364 páginas :
Other physical details ilustraciones ;
Dimensions 23 cm
336 ## - CONTENT TYPE
Fuente rdacontent
Content type term texto
Content type code txt
337 ## - MEDIA TYPE
Source rdamedia
Media type term sin medio
Media type code n
338 ## - CARRIER TYPE
Source rdacarrier
Carrier type term volumen
Carrier type code nc
650 #7 - SUBJECT ADDED ENTRY--TOPICAL TERM
Source of heading or term armarc
Topical term or geographic name entry element Evolución
650 #7 - SUBJECT ADDED ENTRY--TOPICAL TERM
Source of heading or term armarc
Topical term or geographic name entry element Bioquímica
650 #7 - SUBJECT ADDED ENTRY--TOPICAL TERM
Source of heading or term armarc
Topical term or geographic name entry element Evolución química
650 #7 - SUBJECT ADDED ENTRY--TOPICAL TERM
Source of heading or term armarc
Topical term or geographic name entry element Composición del cuerpo humano
700 1# - ADDED ENTRY--PERSONAL NAME
Personal name Gardini, Carlos,
Relator term traductor
765 0# - ORIGINAL LANGUAGE ENTRY
Main entry heading Behe, Michael J., 1952-
Place, publisher, and date of publication New York : Simon & Schuster, 1996
Title Darwin's black box.
942 ## - ADDED ENTRY ELEMENTS (KOHA)
Source of classification or shelving scheme Dewey Decimal Classification
Koha item type Libro
Classification part 572.838
Item part B4518
Existencias
Withdrawn status Lost status Source of classification or shelving scheme Damaged status Not for loan Collection code Home library Current library Shelving location Date acquired Total Checkouts Full call number Barcode Date last seen Price effective from Koha item type
    Dewey Decimal Classification     General Centro de Estudios en Ciencia y Religión Centro de Estudios en Ciencia y Religión Sala general 03/12/2013   572.838 B4518 1999 60149 05/01/2026 03/12/2013 Libro